The Office: US or UK? Quiz Stats

 Plays Quiz Updated Aug 1, 2018

Challenge
Share
Tweet
Embed
Score 0/36 Timer 05:00
1 Play Today
Character Name US or UK % Correct
Dwight Schrute???
94.8%
Oscar Martinez???
94.3%
Michael Scott???
94.3%
Jim Halpert???
93.9%
Stanley Hudson???
93.1%
Kelly Kapoor???
92.6%
Pam Beesly???
92.5%
Tim Canterbury???
92.2%
Creed Bratton???
91.9%
Meredith Palmer???
91.9%
Toby Flenderson???
91.8%
Gareth Keenan???
91.6%
Andy Bernard???
91.3%
Angela Martin???
91.3%
Ryan Howard???
91.2%
Chris Finch???
91.1%
Phyllis Lapin-Vance???
91%
Kevin Malone???
91%
Character Name US or UK % Correct
Lee???
90.8%
Dawn Tinsley???
90.6%
Jan Levinson???
90.5%
Neil Godwin???
89.8%
Darryl Philbin???
89.6%
Glynn ???
89.5%
Emma???
88.9%
Keith Bishop???
88.8%
Oliver???
88.4%
David Brent???
88.2%
Jennifer Taylor-Clark???
87.7%
Sheila???
87.6%
Trudy???
86.9%
Brenda???
86.9%
Ricky Howard???
85.5%
Ralph???
84.6%
Ben???
84.3%
Roy Anderson???
82.2%

You're not logged in!

Compare scores with friends on all Sporcle quizzes.
OR
Log In

You Might Also Like...

Show Comments

Extras

Top Quizzes Today


Score Distribution

Your Account Isn't Verified!

In order to create a playlist on Sporcle, you need to verify the email address you used during registration. Go to your Sporcle Settings to finish the process.

Report this User

Report this user for behavior that violates our Community Guidelines.

Details: